<?xml version="1.0" encoding="UTF-8"?>
<record
    xmlns:xsi="http://www.w3.org/2001/XMLSchema-instance"
    xsi:schemaLocation="http://www.loc.gov/MARC21/slim http://www.loc.gov/standards/marcxml/schema/MARC21slim.xsd"
    xmlns="http://www.loc.gov/MARC21/slim">

  <leader>00469nam a22001217a 4500</leader>
  <controlfield tag="008">220102b        |||||||| |||| 00| 0 eng d</controlfield>
  <datafield tag="082" ind1=" " ind2=" ">
    <subfield code="2">22</subfield>
  </datafield>
  <datafield tag="100" ind1=" " ind2=" ">
    <subfield code="a">&#xB95;&#xBC1;&#xBB0;&#xBC1;&#xBAA;&#xBBE;&#xBA4;&#xBAE;&#xBCD;, &#xB8E;&#xBB8;&#xBCD;. </subfield>
    <subfield code="e">edt</subfield>
  </datafield>
  <datafield tag="245" ind1=" " ind2=" ">
    <subfield code="a">&#xBAA;&#xBCB;&#xBA4;&#xBBF;&#xBA4;&#xBB0;&#xBCD;&#xBAE;&#xBB0;&#xBCD; &#xBAA;&#xBB1;&#xBCD;&#xBB1;&#xBBF;&#xBAF; &#xB85;&#xBB1;&#xBCD;&#xBAA;&#xBC1;&#xBA4;&#xBAE;&#xBBE;&#xBA9; &#xBB5;&#xBBF;&#xBB7;&#xBAF;&#xB99;&#xBCD;&#xB95;&#xBB3;&#xBCD;</subfield>
  </datafield>
  <datafield tag="260" ind1=" " ind2=" ">
    <subfield code="a">&#xB9A;&#xBC6;&#xBA9;&#xBCD;&#xBA9;&#xBC8;</subfield>
    <subfield code="b"> &#xBAE;&#xBA3;&#xBBF;&#xBAE;&#xBC7;&#xB95;&#xBB2;&#xBC8;&#xBAA;&#xBCD; &#xBAA;&#xBBF;&#xBB0;&#xB9A;&#xBC1;&#xBB0;&#xBAE;&#xBCD;</subfield>
    <subfield code="c">2014</subfield>
  </datafield>
  <datafield tag="300" ind1=" " ind2=" ">
    <subfield code="a">286 &#xBAA;&#xB95;&#xBCD;&#xB95;&#xB99;&#xBCD;&#xB95;&#xBB3;&#xBCD;</subfield>
  </datafield>
  <datafield tag="942" ind1=" " ind2=" ">
    <subfield code="c">EB</subfield>
  </datafield>
  <datafield tag="999" ind1=" " ind2=" ">
    <subfield code="c">3</subfield>
    <subfield code="d">3</subfield>
  </datafield>
</record>
